Mastering the arts of landscapes (Record no. 3764)

MARC details
000 -LEADER
fixed length control field 00390nam a22001457a 4500
008 - FIXED-LENGTH DATA ELEMENTS--GENERAL INFORMATION
fixed length control field 250604b |||||||| |||| 00| 0 eng d
020 ## - INTERNATIONAL STANDARD BOOK NUMBER
ISBN 9780754834687
100 ## - MAIN ENTRY--AUTHOR
Author Hogbert sarah
245 ## - TITLE STATEMENT
Title Mastering the arts of landscapes
260 ## - PUBLICATION, DISTRIBUTION, ETC. (IMPRINT)
Name of publisher Anness publishing ltd
Date of publication 2019
300 ## - COLLATION
Pagination 256p
650 ## - TRACINGS
Main Subject Landscape gardening
Subdivision (1st) Landscape architecture
942 ## - ADDED ENTRY ELEMENTS (KOHA)
Item type Books
050 ## - LIBRARY OF CONGRESS CALL NUMBER
Classification number SB 473
Item number .H 63
Holdings
Source of classification or shelving scheme Not for loan Permanent location Current location Date acquired Accession No. Full call number Barcode. Koha item type
Library of Congress Classification   Samuel Ogbemudia Main Library, University of Abuja Samuel Ogbemudia Main Library, University of Abuja 06/04/2025 2025/64981 SB 473.H 63 2025-2344 Books